[Event "HUN-ch (Women)"]
[Site "Lillafured"]
[Date "1999.02.08"]
[Round "8"]
[White "Horvath, Julia"]
[Black "Csoke, Adrienn"]
[Result "1-0"]
[WhiteElo "2248"]
[BlackElo "2184"]
[PlyCount "80"]
[EventDate "1999.02.01"]
[EventType "tourn"]
[EventRounds "9"]
[EventCountry "HUN"]
[SourceTitle "CBM 068 Extra"]
[Source "ChessBase"]
[SourceDate "1999.03.01"]
[SourceVersion "1"]
[SourceVersionDate "1999.03.01"]
[SourceQuality "1"]

1. d4 Nf6 2. c4 e6 3. g3 Bb4+ 4. Bd2 Qe7 5. Bg2 0-0 6. Nf3 Bxd2+ 7. Qxd2 Ne4 8. Qc2 f5 9. 0-0 d6 10. Nc3 Nxc3 11. Qxc3 a5 12. c5 Nd7 13. Rac1 Nf6 14. Nd2 e5 15. cxd6 cxd6 16. dxe5 dxe5 17. Nc4 Be6 18. Qxe5 Ng4 19. Qd6 Qf6 20. h3 Nh6 21. Bxb7 Nf7 22. Qc5 Rad8 23. b3 f4 24. Bg2 Qh6 25. h4 g5 26. Ne5 gxh4 27. Nxf7 Rxf7 28. Qe5 Rf5 29. Qc7 Rdf8 30. Rc3 h3 31. Be4 h2+ 32. Kh1 Rg5 33. gxf4 Rg7 34. Qe5 Bh3 35. Rfc1 Bd7 36. Rg3 Rxg3 37. fxg3 Qh3 38. Bd5+ Rf7 39. Qg5+ Kf8 40. Bxf7 Kxf7 1-0